Entry Nombre personal
001 - NÚMERO DE CONTROL
- campo de control: 147599
003 - IDENTIFICADOR DE NÚMERO DE CONTROL
- campo de control: OSt
005 - FECHA Y HORA DE LA ÚLTIMA TRANSACCIÓN
- campo de control: 20230222193047.0
008 - ELEMENTOS DE DATO DE LONGITUD-FIJA
- campo de control de longitud fija: 110812 b azzaaaaaa a aaa d
040 ## - FUENTE DE CATALOGACIÓN
- Centro catalogador/agencia de origen: OSt
- Centro/agencia transcriptor: OSt
100 1# - ENCABEZAMIENTO-NOMBRE DE PERSONA
- Nombre de persona: Al-Muqaddasi, Muhammad b. Ahmad
400 1# - TRAZADO DE VÉASE--NOMBRE DE PERSONA
- Nombre de persona: Muqaddasi, Muhammad b. Ahmad al
400 1# - TRAZADO DE VÉASE--NOMBRE DE PERSONA
- Nombre de persona: Al-Maqdisi
400 1# - TRAZADO DE VÉASE--NOMBRE DE PERSONA
- Nombre de persona: Al-Muqaddasi
400 1# - TRAZADO DE VÉASE--NOMBRE DE PERSONA
- Nombre de persona: Muhammad b. Ahmad b. Abi Bakr al-Banna' al-Bassari
